01573nmc a2200529 a 4500003001200000005001700012008004100029020002200070040001600092245007300108250001200181260003300193300001100226490002700237504007000264650001200334650002100346650002400367650002300391650001900414650001300433650002200446650002300468650002400491650001500515700003000530700002000560700001900580700002400599700002600623700002300649700002900672700002100701700001900722700002100741700002700762700002900789700002600818700002800844700002900872700002300901700001900924700003000943700002900973700002301002800001801025AR-X00000XY20251128211924.0157020s2007 ||||||||||||||000 | spa|| a978-950-12-4540-0 cAR-X00000XY10aPobreza y desarrollo infantilbuna contribución multidisciplinaria a1ª ed. aBuenos AiresbPaidósc20070 a320 p. 0aTramas socialesvv. 40 aContiene referencias bibliográficas al final de cada artículo 4aPOBREZA 4aPOBLACION URBANA 4aDESARROLLO DEL NINO 4aNUTRICION INFANTIL 4aMEDIO AMBIENTE 4aINFANCIA 4aDERECHOS DEL NINO 4aPOLITICAS PUBLICAS 4aMARGINALIDAD SOCIAL 4aABORIGENES1 aColombo, Jorge A.eeditor1 aBlanco, Marisol1 aBoy, Adolfo E.1 aCafiero, Juan Pablo1 aCalamante, Alberto J.1 aColombo, Emilio O.1 aCristiani, Verónica A.1 aDíaz, Adrián1 aGalli, Alfredo1 aGodoy, Daniel O.1 aLipina, Sebastián J.1 aMartelli, María Inés1 aNaddeo, María Elena1 aO'Donnell, Alejandro M.1 aPérez Blanco, Mónica1 aPetetta, Daniel R.1 aPorto, Anahí1 aSegretin, María Soledad1 aTorres Secchi, Alicia M.1 aVuelta, Beatriz L.1 aGojman, Irene